=LDR 00000nam 2200000 4500 =001 INLIS000000000023910 =005 20130612122529 =008 ***********************************Ind** =035 ##$$0010-061300000023910 =041 ##$$a Ind =082 ##$$a 622.6 =090 ##$$a 622.6, Kun-k =100 ##$$a Kuncoro, Heru =245 ##$$a Kompor briket batubara, Tanpa BBM dan hemat biaya, Heru Kuncoro, Ladjiman Damanik =260 ##$$a 2005 $b Jakarta =300 ##$$a 59 hlm., ilus., 23 cm =650 ##$$a Bahan bakar-batubara =700 ##$$a Damanik, Lajiman =850 ##$$a NBPNMAT